000 00823nam a2200277Ia 4500
003 OSt
005 20220918220647.0
006 a|||||r|||| 00| 0
007 ta
008 220917b |||||||| |||| 00| 0 eng d
024 _a146,689
037 _cTextual
040 _aARTS
_cARTS
_beng
041 _2eng
_aeng
082 _aY492.63, N4
100 _aEldredge Elizabeth A Ed.
_9138019
245 0 _aSlavery in South Africa
_b Captive labor on the Dutch frontier
260 _aBoulder
_bWestview press
_c1994
300 _axix,311p
_ccm.
490 _aAfrican Modeernization and Davelopment
500 _aincludes Index
650 _aSOCIOLOGY
700 _a Morton Fred Ed.
_9138020
942 _hY492.63, N4
_cTEXL
_2CC
999 _c269445
_d269445